Dodge Models - Statistics

General Stats
  • This quiz has been taken 136 times
  • The average score is 9 of 20
Answer Stats
Picture Answer % Correct
Charger
97%
Challenger
96%
Viper
86%
Durango
83%
Dart
75%
Journey
51%
Hornet
49%
Magnum
49%
Avenger
45%
Nitro
41%
Charger Daytona
39%
Caliber
36%
Neon
32%
Intrepid
26%
Coronet
24%
Stratus
21%
Super Bee
20%
Omni
19%
Spirit
16%
Matador
4%
No matching quizzes found
Score Distribution
Percent of People with Each Score
Percentile by Number Answered
Your Score History
You have not taken this quiz